00499 2200205 4500001002100000005001500021035002000036008004100056245005800097100001700155250000600172260003100178300001200209084001400221082000800235650001400243990001200257990001200269990001200281INLIS00000000000037920240430020423 a0010-0424000355240430 0 ind 1 a12 Kiat Untuk Keluar Dari Pengangguran /cYuan Acitra aAcitra, Yuan a1 aJakarta :bAkademia,c2010 a111 hlm a100 YUA k a100 4aNon Fiksi a0728596 a0728597 a0728598